| 000 | 00354nam a22001337a 4500 | ||
|---|---|---|---|
| 008 | 250424b |||||||| |||| 00| 0 eng d | ||
| 020 | _a0198291167 | ||
| 050 |
_aHD9793 _b.B79 |
||
| 100 | _aBRZOSKA, Michael | ||
| 245 | _aArms Transfers to The Third World , 1971-85 | ||
| 260 |
_aU.S.A _bOxford University Press _c1987 |
||
| 300 | _axvi, 383p. | ||
| 942 | _cBK | ||
| 999 |
_c3158 _d3158 |
||